Las mujeres chilenas frente a la política /

¿Cómo será la opción de las mujeres en el momento de votar? ¿Con qué criterios construyen sus preferencias políticas? Estas son algunas de las preguntas que orientan el presente artículo. \1.La mayoría de las chilenas que votarán, independiente de sus características de edad y estado civil (aproxima...

Full description

Bibliographic Details
Main Author: Molina, Natacha
Other Authors: Serrano, Claudia
Format: Analitica de revista
Language:Spanish
Published: Santiago, Chile SUR 1988
Subjects:

MARC

LEADER 00000cab a2200000 a 4500
001 037618
003 UAHC_CL
005 20171123104205.0
008 140120s1988 cl 000 spa
952 |0 0  |1 0  |4 0  |6 PROPOSICIONES_16_88_000000000000000  |7 0  |8 COMP  |9 71634  |a BC  |b BC  |c COMP  |d 2017-08-03  |l 0  |o PROPOSICIONES-16/88  |r 2017-08-03 00:00:00  |t 1  |w 2017-08-03  |y REVA 
999 |c 37618  |d 37618 
040 |a UAHC_CL  |c UAHC_CL  |d UAHC_CL 
100 1 |a Molina, Natacha 
245 1 4 |a Las mujeres chilenas frente a la política /  |c Natacha Molina y Claudia Serrano. 
260 |b SUR  |c 1988  |a Santiago, Chile 
300 |a pp. 73-82 
310 |a Anual. 
362 0 |a Año 1, no. 1 (nov. 2002)- . 
362 0 |a Año 1, no. 1 (nov. 2002)- . 
500 |a En: Proposiciones. no. 16, 1988. pp. 73-82. ISSN. 956208051X. 
520 |a ¿Cómo será la opción de las mujeres en el momento de votar? ¿Con qué criterios construyen sus preferencias políticas? Estas son algunas de las preguntas que orientan el presente artículo. \1.La mayoría de las chilenas que votarán, independiente de sus características de edad y estado civil (aproximadamente 70%), \2.el 30% restante corresponde a mujeres que trabajan en forma remunerada (la mayoría solteras (67%) y se desempeñan mayoritariamente en servicios comunales, sociales y personales (58.3%)\3.cerca de la mitad de las mujeres en edad de votar tienen entre 18 y 30 años. La otra mitad, mujeres mayores de 30 años, son por lo general casadas y su actividad preferente es el trabajo de la casa. 
650 4 |a MUJERES  |x POLITICA  |z CHILE 
650 4 |a MUJERES  |x PARTICIPACION CIUDADANA 
700 1 |a Serrano, Claudia 
900 |a PROPOSICIONES-16/88 
942 |c REVA  |2 ddc